Drug or Roman Emperor? - Statistics

General Stats
  • This quiz has been taken 44 times
  • The average score is 21 of 33
Answer Stats
Question Answer % Correct
Anusol Drug
90%
Elagabalus Emperor
83%
Absorica Drug
80%
Antilirium Drug
80%
Proferdex Drug
80%
Galerius Emperor
80%
Forfivo Drug
75%
Aemilian Emperor
75%
Licinius Emperor
75%
Galba Emperor
73%
Otho Emperor
73%
Pupienus Emperor
73%
Halfan Drug
70%
Caracalla Emperor
70%
Fastin Drug
68%
Spravato Drug
68%
Geta Emperor
68%
Aviane Drug
63%
Tessalon Drug
63%
Hemlibra Drug
60%
Pegasys Drug
60%
Anatuss Drug
58%
Avitus Emperor
58%
Vetranio Emperor
58%
Prolia Drug
55%
Nerva Emperor
55%
Olybrius Emperor
55%
Halcion Drug
50%
Carinas Emperor
50%
Valens Emperor
50%
Austedo Drug
43%
Glycerius Emperor
38%
Pertinax Emperor
38%
No matching quizzes found
Score Distribution
Percent of People with Each Score
Percentile by Number Answered
Your Score History
You have not taken this quiz